Progressio : Publicación de la Federación Mundial de las Comunidades de Vida Cristiana : la formación cristiana según los evangelios : suplemento n. 15, junio 1980 /

Guardado en:
Detalles Bibliográficos
Autor principal: Martini, Carlo Maria (autor)
Formato: Libro
Idioma:Español
Publicado: Roma, Italia : Federación Mundial de las Comunidades de Vida Cristiana, 1980
Etiquetas: Agrega una etiqueta
Sin etiquetas, Sé el primero en etiquetar este registro!

MARC

LEADER 00000nam^a2200000^a^4500
001 000627770
005 20260212000000.0
009 20260310134100.455
037 |a Acervo Xavier Clavigero 
041 |a ESP 
091 |a FHG. 01170 
100 |a Martini, Carlo Maria  |e (autor) 
240 1 1 |a [Progressio] 
245 1 0 |a Progressio :  |b Publicación de la Federación Mundial de las Comunidades de Vida Cristiana : la formación cristiana según los evangelios : suplemento n. 15, junio 1980 / 
264 1 |a Roma, Italia :  |b Federación Mundial de las Comunidades de Vida Cristiana,  |c 1980 
300 |a 41 p. 
336 |a texto  |b txt  |2 rdacontenido 
337 |a sin mediación  |b n  |2 rdamedio 
338 |a volumen  |b nc  |2 rdasoporte 
649 |a XX 
910 |a Fondo Humberto García Bedoy S.J. 
920 |a Impresos - Libros 
930 |a Fondos Especiales 
905 |a 148 
901 |a 627770-10  |b IT2  |c ESP  |i D  |u 20260212 
902 |a https://opac.biblio.iteso.mx/vufind/Record/000627770